000 01131cab a2200229 4500
001 L136170
008 070116n2006 000 0 eng u
035 _a(Sirsi) u136170
041 0 _aeng
110 1 _aUnited Kingdom
_kLaws, etc
_95044
245 0 4 _aThe Stamp Duty Land Tax (Variation of the Finance Act 2003) Regulations 2006
260 _aLondon
_bTSO
_c2006
490 _aSI
_v2006: 3237
520 _aCame into force on 6 December 2006. These Regulations amend the provisions of the Finance Act 2003 Part IV (Stamp Duty Land Tax). Reg1 provides for citation and commencement. Reg 2 provides that the Finance Act 2003 shall be amended in accordance with Schedule to the Regulations. The Schedule contains the amendments to Part IV.
650 2 4 _aSTAMP DUTY LAND TAX
650 2 4 _aFINANCE ACT 2003 PART IV
650 2 4 _aSTAMP DUTY LAND TAX (VARIATION OF THE FINANCE ACT 2003) REGULATIONS 2006
651 4 _aEngland and Wales
_y1543-
690 _aPROPERTY-PROPERTY TAXATION
856 4 0 _uhttps://www.opsi.gov.uk/si/si2006/20063237.htm
_zView the Statutory Instrument free of charge at www.opsi.gov.uk...
942 _n0
999 _c78164
_d78164